<?xml version="1.0" encoding="UTF-8"?><?xml-stylesheet type="text/xsl" href="static/style.xsl"?><OAI-PMH xmlns="http://www.openarchives.org/OAI/2.0/" xmlns:xsi="http://www.w3.org/2001/XMLSchema-instance" xsi:schemaLocation="http://www.openarchives.org/OAI/2.0/ http://www.openarchives.org/OAI/2.0/OAI-PMH.xsd"><responseDate>2026-04-13T03:58:52Z</responseDate><request verb="GetRecord" identifier="oai:www.recercat.cat:20.500.14342/923" metadataPrefix="marc">https://recercat.cat/oai/request</request><GetRecord><record><header><identifier>oai:recercat.cat:20.500.14342/923</identifier><datestamp>2025-03-10T20:05:01Z</datestamp><setSpec>com_2072_482405</setSpec><setSpec>com_2072_183628</setSpec><setSpec>col_2072_482412</setSpec></header><metadata><record xmlns="http://www.loc.gov/MARC21/slim" xmlns:dcterms="http://purl.org/dc/terms/" xmlns:xsi="http://www.w3.org/2001/XMLSchema-instance" xmlns:doc="http://www.lyncode.com/xoai" xsi:schemaLocation="http://www.loc.gov/MARC21/slim http://www.loc.gov/standards/marcxml/schema/MARC21slim.xsd">
   <leader>00925njm 22002777a 4500</leader>
   <datafield ind2=" " ind1=" " tag="042">
      <subfield code="a">dc</subfield>
   </datafield>
   <datafield ind2=" " ind1=" " tag="720">
      <subfield code="a">Lázaro Aparicio, Araceli</subfield>
      <subfield code="e">author</subfield>
   </datafield>
   <datafield ind2=" " ind1=" " tag="260">
      <subfield code="c">2008-03-01</subfield>
   </datafield>
   <datafield ind2=" " ind1=" " tag="520">
      <subfield code="a">L'educació, la salut i la protecció són els drets més coneguts i respectats pels adults, pero hi ha un ciar deficit en re lació amb els drets relac ionats amb I 'exercici de la participació i l' expressió. El coneixement deis drets d'ex pressió i participació de la in fancia es dóna més entre els polítics i educadors socialsqueentreels pares i professors,el que seria un indicador
d' una manca greu de polítiques insütucionals i culturals. Les polítiques de família reforcen a:
la institució familiar i, per tant, poden incloure els in fants sense donar- los protagonisme.
Per contra, les polítiques específicament adreçades a la infancia i adolescencia afavoreixen el procés d' autonomització i responsabilitzacióen el desenvolupament dels infants i joves.</subfield>
   </datafield>
   <datafield ind1="8" ind2=" " tag="024">
      <subfield code="a">http://hdl.handle.net/20.500.14342/923</subfield>
   </datafield>
   <datafield tag="653" ind2=" " ind1=" ">
      <subfield code="a">Polítiques públiques</subfield>
   </datafield>
   <datafield tag="653" ind2=" " ind1=" ">
      <subfield code="a">Infància -- Aspectes socials</subfield>
   </datafield>
   <datafield tag="653" ind2=" " ind1=" ">
      <subfield code="a">Adolescència -- Aspectes socials</subfield>
   </datafield>
   <datafield ind2="0" ind1="0" tag="245">
      <subfield code="a">L'espai dels Observatoris en el marc de les polítiques públiques d'infancia adolescencia</subfield>
   </datafield>
</record></metadata></record></GetRecord></OAI-PMH>